[Event "Titled Tuesday intern op 23rd Apr Late"]
[Site "Chess.com INT"]
[Date "2024.04.23"]
[Round "2"]
[White "Gorovets, Andrey"]
[Black "Goncalves, Samuel Jesus P"]
[Result "1-0"]
[WhiteElo "2480"]
[BlackElo "2190"]
[PlyCount "133"]
[EventDate "2024.04.23"]
[EventType "swiss (blitz)"]
[EventRounds "11"]
[EventCountry "USA"]
[SourceTitle "CB18_2024"]
[SourceDate "2024.05.01"]
[SourceVersion "1"]
[SourceVersionDate "2024.05.01"]
[SourceQuality "2"]

1. Nf3 g6 2. d4 Bg7 3. e4 d6 4. Bc4 a6 5. 0-0 b5 6. Bb3 Bb7 7. Qe2 c5 8. c3 e6 9. Rd1 Qc7 10. Bf4 e5 11. Bg3 Ne7 12. a4 c4 13. Bc2 0-0 14. Na3 Bc6 15. axb5 axb5 16. b3 cxb3 17. Bxb3 Qb7 18. dxe5 dxe5 19. Bxe5 Bxe4 20. Bxg7 Bxf3 21. Qxf3 Qxf3 22. gxf3 Kxg7 23. Nxb5 Nbc6 24. Rxa8 Rxa8 25. Nd6 Ne5 26. f4 Ra3 27. fxe5 Rxb3 28. Rd3 f6 29. e6 f5 30. Ne8+ Kf8 31. Nc7 Kg7 32. Re3 Rb7 33. Ne8+ Kf8 34. Nd6 Rb6 35. Rd3 Kg7 36. Ne8+ Kf8 37. Nc7 Rc6 38. Rd7 Rxc3 39. Kg2 g5 40. Rxe7 Kxe7 41. Nd5+ Kxe6 42. Nxc3 Ke5 43. Kf3 h5 44. Ne2 h4 45. h3 Kd5 46. Nc1 Kd4 47. Nb3+ Kd5 48. Na5 Ke5 49. Nc6+ Kd5 50. Ne7+ Ke6 51. Nc8 Kd7 52. Nb6+ Kc6 53. Nc4 Kd5 54. Ne3+ Ke5 55. Ke2 Kf4 56. Ng2+ Ke4 57. f3+ Kd4 58. f4 g4 59. Nxh4 gxh3 60. Kf3 h2 61. Kg2 Ke4 62. Ng6 Ke3 63. Kxh2 Kf3 64. Kh3 Ke4 65. Kh4 Kf3 66. Kg5 Ke4 67. Nh4 1-0

[Event "Titled Tuesday intern op 23rd Apr Late"]
[Site "Chess.com INT"]
[Date "2024.04.23"]
[Round "4"]
[White "Vila Dupla, Aurelio"]
[Black "Goncalves, Samuel Jesus P"]
[Result "0-1"]
[WhiteElo "2042"]
[BlackElo "2190"]
[PlyCount "60"]
[EventDate "2024.04.23"]
[EventType "swiss (blitz)"]
[EventRounds "11"]
[EventCountry "USA"]
[SourceTitle "CB18_2024"]
[SourceDate "2024.05.01"]
[SourceVersion "1"]
[SourceVersionDate "2024.05.01"]
[SourceQuality "2"]

1. Nf3 g6 2. d4 Bg7 3. c4 d6 4. g3 Nc6 5. Bg2 e5 6. dxe5 dxe5 7. Qxd8+ Nxd8 8. 0-0 Be6 9. Nfd2 c6 10. Nc3 f5 11. e4 f4 12. b3 g5 13. h3 h5 14. gxf4 exf4 15. Bb2 g4 16. Rfd1 gxh3 17. Bf1 Ne7 18. Nf3 Nf7 19. Kh2 Bg4 20. Rd3 Ne5 21. Nxe5 Bxe5 22. f3 Rd8 23. Rad1 Rxd3 24. Rxd3 Rg8 25. Bxh3 Bxh3 26. Kxh3 Rg3+ 27. Kh2 Ng6 28. Nd1 Bxb2 29. Nxb2 Ne5 30. Rc3 Nxf3+ 0-1

[Event "Titled Tuesday intern op 02nd Apr Late"]
[Site "Chess.com INT"]
[Date "2024.04.02"]
[Round "10"]
[White "Zavgorodniy, Sergiy"]
[Black "Goncalves, Samuel Jesus P"]
[Result "1-0"]
[WhiteElo "2379"]
[BlackElo "2190"]
[PlyCount "67"]
[EventDate "2024.04.02"]
[EventType "swiss (blitz)"]
[EventRounds "11"]
[EventCountry "USA"]
[SourceTitle "CB15_2024"]
[SourceDate "2024.04.10"]
[SourceVersion "1"]
[SourceVersionDate "2024.04.10"]
[SourceQuality "1"]

1. d4 g6 2. c4 Bg7 3. Nf3 a6 4. Nc3 d6 5. e4 Nc6 6. Be2 Bg4 7. Be3 e5 8. d5 Nce7 9. Nd2 Bd7 10. 0-0 b6 11. f4 exf4 12. Bxf4 f5 13. Nf3 Nf6 14. e5 dxe5 15. Bxe5 0-0 16. Nd4 Re8 17. Bf3 Rc8 18. Re1 c5 19. Nc2 b5 20. b3 b4 21. Ne2 Nexd5 22. Bxd5+ Nxd5 23. Qxd5+ Be6 24. Qxd8 Rcxd8 25. Bxg7 Rd2 26. Nf4 Kxg7 27. Rxe6 Rxe6 28. Nxe6+ Kf6 29. Nxc5 Rxc2 30. Nxa6 g5 31. Nxb4 Rd2 32. a4 f4 33. a5 g4 34. a6 1-0

[Event "Titled Tuesday intern op 27th Feb Late"]
[Site "Chess.com INT"]
[Date "2024.02.27"]
[Round "11"]
[White "Ferreira Junior, Luiz Carlos A"]
[Black "Goncalves, Samuel Jesus P"]
[Result "0-1"]
[WhiteElo "2052"]
[BlackElo "2219"]
[PlyCount "70"]
[EventDate "2024.02.27"]
[EventType "swiss (blitz)"]
[EventRounds "11"]
[EventCountry "USA"]
[SourceTitle "CB10_2024"]
[SourceDate "2024.03.06"]
[SourceVersion "1"]
[SourceVersionDate "2024.03.06"]
[SourceQuality "1"]

1. d4 g6 2. Nf3 Bg7 3. e4 c6 4. Bd3 d5 5. exd5 cxd5 6. 0-0 Nc6 7. Re1 Bg4 8. c3 e6 9. Nbd2 Nge7 10. h3 Bxf3 11. Nxf3 0-0 12. Bg5 Rb8 13. Qe2 a6 14. Bf4 Rc8 15. Rad1 b5 16. a3 Na5 17. Ne5 Nc4 18. Bb1 Nc6 19. Nxc4 bxc4 20. Qd2 Qb6 21. Re2 Rfd8 22. Rde1 Rd7 23. Bh6 Rb7 24. Bxg7 Kxg7 25. Qg5 Rcb8 26. h4 Qd8 27. Qg4 Rxb2 28. Rxb2 Rxb2 29. h5 Qf6 30. f3 a5 31. hxg6 hxg6 32. Kh2 Ne7 33. Rh1 Nf5 34. Bxf5 Qxf5 35. Qh4 Qh5 0-1